000 00801nam a22002417a 4500
003 UA-OsUOA
001 23143
007 ta
008 20040113b un ||||| |||| 00| 0 ukr d
090 _a271(470)(031)
_bР89
942 _cBK
040 _aUA-OsUOA
_brus
_cUA-OsUOA
_dUA-OsUOA
245 _aРусская православная церковь. Монастыри
_bЭнциклопедический справочник
_cРед. ТихонБронницкийСост. А.В.Никольский
300 _a464 с.
_bІлюстрації
955 _a0
041 _arus
080 _a271(470)(031)
020 _a5-250-01786-Х
260 _aМосква
_bИзд-во Моск. Патриархии: Республика
_c2000
044 _aRU
650 7 _2UDC
999 _c309386
_d309386